00925nam a2200241 i 4500001000700000003000900007005001700016007000300033008004100036080001300077100002700090245011000117260006000227300004100287490004100328650005200369700003800421700001400459830004900473852002100522999001900543952012100562145769ES-MaACL20250818131150.0t|071016s1973 sp af ||||1| spa d a636(084)1 aVerbeek, Yves.911398114aLos animales domésticos / cIves Verbeek ; versión C. A. H. ; supervisión Rufino García García. aMadrid : bCírculo de Amigos de la Historia, c[1973] a1 v.: lám. : bil. col. ; c29 cm.1 aLos grandes enigmas del mundo animal 4aAnimales domésticos-vObras ilustradas.998401 aGarcía García, Rufino.9546702 a 92419110 aLos grandes enigmas del mundo animal9220796 aES-MaACLjP-1049 c145769d145769 00104070aATENEOMbATENEOMcDEPO2d2008-01-17eSCl0oP-1049p1152158r2023-02-23 00:00:00w2023-02-23yMONOGRAFIA